| 000 | 00608nam a2200205 a 4500 | ||
|---|---|---|---|
| 001 | 591 | ||
| 005 | 20221127085959.0 | ||
| 008 | 050920s lxxua 00100 eng d | ||
| 020 |
_a0072469447(hpb) : _cSR364.00 |
||
| 035 | _a604 | ||
| 082 | 0 | 4 |
_a658 _bJ716 2003 |
| 100 | 1 | _aJones, Gareth R. | |
| 245 | 1 | 0 |
_aContemporary management / _cGareth R. Jones, J. George. |
| 250 | _a3rd ed. | ||
| 260 |
_aBoston, Mass. : _bMcGraw-Hill, _c2003. |
||
| 300 |
_axxix, 732 p. : _bill. ; _c26 cm. _e1 CD. |
||
| 504 | _aIncludes bibl. references and index. | ||
| 650 | 4 | _aManagement. | |
| 700 | 1 |
_aGeorge, Jennifer M., _ejt. auth. |
|
| 999 |
_c591 _d591 |
||